000 00624nam a2200181 a 4500
001 000031595
005 20200930063036.0
008 110628s1962 xxu 000 0 spa d
040 _aDO-SdBNP
_bspa
_cBNPHU
082 _axxxx
_bG914p
245 0 0 _aGuaranty of private investments.
260 _aWashington :
_bDepartament of State,
_c1962.
300 _a4 p. ;
_c23 cm.
490 1 _aTreaties and other international acts series
_vno. 5005
500 _aAgreement between the United States of America and the Dominican Republic.
830 0 _aTreaties and other international acts series
_vno. 5005
_957925
049 _aBNPD
999 _c31087
_d31087